[Event "II Weekend Open"]
[Site "Omegna ITA"]
[Date "2014.08.09"]
[Round "2"]
[White "Nordio, Giordano"]
[Black "Cavagna, Marco"]
[WhiteElo "1413"]
[BlackElo "1497"]
[Result "0-1"]
[PlyCount "116"]
[EventDate "2014.08.08"]

1. d4 d5 2. c4 Nf6 3. Nc3 e6 4. e3 Bb4 5. Bd2 O-O 6. a3 Bxc3 7. Bxc3 Nbd7 8.
Nf3 c5 9. Bd3 b6 10. a4 a5 11. b3 Bb7 12. Rg1 Ne4 13. Qc2 Ndf6 14. Ne5 dxc4 15.
Nxc4 Nxc3 16. Qxc3 Nd5 17. Qd2 f5 18. f4 Qc7 19. Ne5 Nf6 20. Qc2 Qd6 21. Nc4
Qd8 22. h3 cxd4 23. exd4 Qxd4 24. O-O-O Rac8 25. Kb1 Nd5 26. Rc1 Ne3 27. Qc3
Qxc3 28. Rxc3 Nd5 29. Rcc1 Nxf4 30. Rgd1 Nxd3 31. Rxd3 Be4 32. Rcd1 Bxd3+ 33.
Rxd3 Rb8 34. Ne5 Rbd8 35. Rc3 Rd5 36. Nc6 Rc5 37. Rxc5 bxc5 38. Nxa5 Rd8 39.
Kc2 e5 40. Nc6 Re8 41. Kd3 e4+ 42. Ke2 Kf7 43. a5 Ra8 44. Ke3 Ke6 45. a6 Rxa6
46. Nd8+ Ke7 47. Nb7 Rc6 48. Na5 Rc7 49. Nc4 Ke6 50. Kf4 h6 51. Nd2 g5+ 52. Ke3
Kd5 53. g3 Rf7 54. Kf2 Kd4 55. Nf1 Kc3 56. Ne3 Kxb3 57. Nd5 c4 58. Ke3 c3 0-1

[Event "II Weekend Open"]
[Site "Omegna ITA"]
[Date "2014.08.09"]
[Round "2"]
[White "Nordio, Giorgio"]
[Black "Bettini, Alessandro"]
[WhiteElo "1716"]
[BlackElo "1829"]
[Result "1/2-1/2"]
[PlyCount "76"]
[EventDate "2014.08.08"]

1. c4 c5 2. g3 Nc6 3. Bg2 Nf6 4. Nf3 g6 5. O-O d5 6. b3 Bg7 7. Bb2 O-O 8. d3 d4
9. Nbd2 Bd7 10. a3 a5 11. Ne1 Qc8 12. Nc2 Bh3 13. Nf3 Bxg2 14. Kxg2 e5 15. e4
Ne8 16. Nd2 Nd6 17. Qe2 f5 18. f3 Qe6 19. Rae1 Rf7 20. Bc1 Raf8 21. Bb2 f4 22.
Bc1 Bh6 23. a4 Rg7 24. Nb1 g5 25. g4 Rg6 26. Rh1 Rff6 27. h3 Bf8 28. Rh2 Rh6
29. Reh1 Ne7 30. Bd2 Ng6 31. Be1 Nh4+ 32. Kg1 Nc8 33. Bxa5 Qa6 34. Be1 Qb6 35.
Bxh4 Rxh4 36. Na1 Ne7 37. Na3 Qb4 38. Nb5 Nc6 1/2-1/2

[Event "II Weekend Open"]
[Site "Omegna ITA"]
[Date "2014.08.09"]
[Round "2"]
[White "Potterat, Aaron"]
[Black "Zahner, Rolf"]
[WhiteElo "1440"]
[BlackElo "1637"]
[Result "0-1"]
[PlyCount "88"]
[EventDate "2014.08.08"]

1. d4 Nf6 2. c4 g6 3. Nc3 Bg7 4. Nf3 d6 5. e4 O-O 6. Be3 Nfd7 7. Qc2 e5 8. d5
Nf6 9. h3 a6 10. a4 Nbd7 11. b4 Ne8 12. c5 Nb8 13. b5 axb5 14. Nxb5 f5 15. Ng5
f4 16. Bc4 fxe3 17. O-O Qxg5 18. c6 exf2+ 19. Kh1 b6 20. Rxf2 Rxf2 21. Qxf2 Qf4
22. Qe2 Na6 23. Rf1 Qg5 24. Rf3 Qe7 25. Nc3 Nc5 26. Bb5 Ba6 27. Qc4 Bxb5 28.
Qxb5 Nf6 29. Qb4 Bh6 30. Kg1 Bd2 31. Kf1 Rxa4 32. Qb2 Bxc3 33. Qxc3 Ncxe4 34.
Qc2 Ra1+ 35. Ke2 Qd8 36. Qb2 Qa8 37. Rf1 Ra2 38. Qxa2 Qxa2+ 39. Kf3 Qb3+ 40.
Ke2 Ng3+ 41. Kf2 Nfe4+ 42. Kg1 Qe3+ 43. Rf2 Nxf2 44. Kh2 Nf1+ 0-1

[Event "II Weekend Open"]
[Site "Omegna ITA"]
[Date "2014.08.09"]
[Round "2"]
[White "Rancati, David"]
[Black "Chanex, Arnaud"]
[WhiteElo "1491"]
[BlackElo "1726"]
[Result "0-1"]
[PlyCount "80"]
[EventDate "2014.08.08"]

1. d4 Nf6 2. Nf3 e6 3. e3 d5 4. Bd3 c5 5. c4 Nc6 6. a3 cxd4 7. exd4 dxc4 8.
Bxc4 Bd6 9. Bg5 h6 10. Bh4 O-O 11. Nc3 Re8 12. O-O Be7 13. Bg3 Nd5 14. Nb5 Rf8
15. Bxd5 exd5 16. Re1 a6 17. Nc3 Bg4 18. h3 Bh5 19. Bh2 Bxf3 20. Qxf3 Nxd4 21.
Qd1 Bc5 22. Re5 Re8 23. Rxd5 Qe7 24. Re5 Qf8 25. Rd5 Rad8 26. b4 Bb6 27. Re5
Rxe5 28. Bxe5 Qe7 29. Bg3 Nf5 30. Qf3 Nxg3 31. Qxg3 Rd2 32. Rf1 Bc7 33. Qf3 Qd6
34. g3 Rd3 35. Qxb7 Rxc3 36. Qc8+ Kh7 37. Qf5+ Qg6 38. Qxg6+ Kxg6 39. Ra1 Be5
40. Ra2 Rb3 0-1

[Event "II Weekend Open"]
[Site "Omegna ITA"]
[Date "2014.08.09"]
[Round "2"]
[White "Resch, Aaron"]
[Black "Puricelli, Giancarlo"]
[WhiteElo "1741"]
[BlackElo "1683"]
[Result "1-0"]
[PlyCount "69"]
[EventDate "2014.08.08"]

1. e4 d6 2. d4 Nf6 3. Nc3 g6 4. Be2 Bg7 5. Be3 Nbd7 6. Qd2 b6 7. Bh6 O-O 8.
Bxg7 Kxg7 9. Nf3 e5 10. dxe5 Nxe5 11. Nxe5 dxe5 12. O-O-O Be6 13. Qxd8 Raxd8
14. f3 a6 15. a3 b5 16. Rxd8 Rxd8 17. Rd1 Rxd1+ 18. Kxd1 Nd7 19. Nd5 Bxd5 20.
exd5 Nb6 21. Kd2 Nxd5 22. c4 Nf4 23. cxb5 axb5 24. Bxb5 Kf8 25. a4 Nd5 26. a5
Ke7 27. Bc4 Kd6 28. Bxd5 Kxd5 29. b4 Kc6 30. Kd3 f5 31. Kc4 e4 32. fxe4 fxe4
33. Kd4 e3 34. Kxe3 Kb5 35. Kd4 1-0

[Event "II Weekend Open"]
[Site "Omegna ITA"]
[Date "2014.08.09"]
[Round "2"]
[White "Rossi, Emanuele"]
[Black "Koureas, Panicos"]
[WhiteElo "1605"]
[BlackElo "1417"]
[Result "0-1"]
[PlyCount "88"]
[EventDate "2014.08.08"]

1. e4 d6 2. d4 g6 3. Nf3 Bg7 4. Be3 Nd7 5. Bc4 h6 6. c3 b6 7. Bd5 Rb8 8. Bc6
Ba6 9. Qa4 Bb7 10. O-O a5 11. Na3 Ngf6 12. e5 Bxc6 13. Qxc6 Ng4 14. Nb5 O-O 15.
Rfe1 dxe5 16. dxe5 Ngxe5 17. Nxe5 Nxe5 18. Qxc7 Qd5 19. Nd4 Rb7 20. c4 Qxg2+
21. Kxg2 Rxc7 22. b3 Ng4 23. Kh1 Rd7 24. Rad1 Rfd8 25. Nc6 Rxd1 26. Rxd1 Rxd1+
27. Kg2 Nxe3+ 28. fxe3 Rd2+ 29. Kf3 e6 30. Ne7+ Kf8 31. Nc8 Rxa2 32. Nxb6 Rxh2
33. c5 Rc2 34. Na4 Be5 35. Ke4 Bc7 36. Kd3 Rg2 37. Nb6 h5 38. Na8 Bb8 39. c6
Ke8 40. c7 Bxc7 41. Nxc7+ Kd7 42. Nb5 h4 43. Nd4 h3 44. Nf3 h2 0-1

[Event "II Weekend Open"]
[Site "Omegna ITA"]
[Date "2014.08.09"]
[Round "2"]
[White "Sajjadi, Kimiya"]
[Black "Del Nevo, Claudio"]
[WhiteElo "1531"]
[BlackElo "1832"]
[Result "0-1"]
[PlyCount "110"]
[EventDate "2014.08.08"]

1. d4 d6 2. c4 Nf6 3. Nc3 Nbd7 4. e4 c6 5. Be3 g6 6. f3 Bg7 7. Nge2 O-O 8. Nc1
a6 9. a4 Qc7 10. Be2 b6 11. b4 c5 12. bxc5 bxc5 13. O-O Bb7 14. Nd5 Nxd5 15.
cxd5 Qb6 16. Nb3 Rac8 17. Rb1 Qa7 18. dxc5 Nxc5 19. Nxc5 dxc5 20. Kh1 a5 21.
Qd2 Ra8 22. Bxc5 Qxc5 23. Rxb7 Rfc8 24. Bb5 Bc3 25. Qg5 Bf6 26. Qd2 Be5 27. Bc6
Rd8 28. Rc1 Qd6 29. Rc4 Bxh2 30. Qg5 f6 31. Qg4 Be5 32. Rd7 Rxd7 33. Bxd7 Kg7
34. Rc1 Rb8 35. Bb5 Qa3 36. Rd1 Qb3 37. Rf1 Qc2 38. f4 Bd6 39. Qf3 Rf8 40. Bc6
Qb2 41. Rf2 Qd4 42. Rf1 h5 43. Rd1 Qb4 44. Qf1 Qxe4 45. Re1 Qf5 46. Qa6 Qxf4
47. Rxe7+ Kh6 48. g3 Qf3+ 49. Kg1 Qxg3+ 50. Kf1 Bxe7 51. Qxa5 Rb8 52. Qd2+ g5
53. Bb5 Bc5 54. Qg2 Qxg2+ 55. Kxg2 g4 0-1

[Event "II Weekend Open"]
[Site "Omegna ITA"]
[Date "2014.08.09"]
[Round "2"]
[White "Schingaro, Angelo"]
[Black "Recanatini, Italo"]
[WhiteElo "1702"]
[BlackElo "1800"]
[Result "1-0"]
[PlyCount "103"]
[EventDate "2014.08.08"]

1. e4 d5 2. exd5 Qxd5 3. Nc3 Qa5 4. g3 c6 5. Bg2 Nf6 6. Nge2 Bg4 7. O-O e6 8.
d3 Bxe2 9. Qxe2 Bd6 10. Bd2 Qc7 11. a3 O-O 12. b4 a6 13. Rab1 Nbd7 14. a4 b5
15. axb5 axb5 16. Nxb5 cxb5 17. Bxa8 Rxa8 18. c4 Be5 19. Be3 bxc4 20. dxc4 Ra4
21. Rfc1 Qb7 22. b5 Ne4 23. Qd3 f5 24. c5 Qc7 25. Qb3 Nexc5 26. Bxc5 Nxc5 27.
Rxc5 Qxc5 28. Qxa4 Bd4 29. Rf1 h5 30. Qa8+ Kh7 31. Qc6 Qb4 32. Qxe6 Qxb5 33.
Qa2 Kg6 34. Qe6+ Kh7 35. Rd1 Qc5 36. Rxd4 Qxd4 37. Qxf5+ Kh6 38. Qf4+ Qxf4 39.
gxf4 Kg6 40. Kg2 Kf6 41. Kf3 Kf5 42. h3 g6 43. Ke3 Kf6 44. Ke4 Ke6 45. h4 Kf6
46. f5 g5 47. hxg5+ Kxg5 48. Ke5 h4 49. f6 Kg6 50. Ke6 h3 51. f7 h2 52. f8=Q
1-0

[Event "II Weekend Open"]
[Site "Omegna ITA"]
[Date "2014.08.09"]
[Round "2"]
[White "Trisconi, Alessio"]
[Black "Rigotti, Gianluigi"]
[WhiteElo "1440"]
[BlackElo "1606"]
[Result "1-0"]
[PlyCount "47"]
[EventDate "2014.08.08"]

1. c4 Nf6 2. Nc3 e6 3. g3 c6 4. d4 Bb4 5. Bg2 O-O 6. Bg5 Bxc3+ 7. bxc3 Qa5 8.
Qd2 Qf5 9. Bxf6 Qxf6 10. c5 d5 11. cxd6 Rd8 12. e4 e5 13. Nf3 exd4 14. e5 dxc3
15. Qxc3 Qe6 16. O-O h6 17. Rfe1 Bd7 18. Bf1 b5 19. a4 bxa4 20. Rxa4 a6 21. Rf4
Be8 22. Bc4 Qg6 23. e6 fxe6 24. Rxe6 1-0

[Event "II Weekend Open"]
[Site "Omegna ITA"]
[Date "2014.08.09"]
[Round "3"]
[White "Bettini, Alessandro"]
[Black "Brioschi, Camillo"]
[WhiteElo "1829"]
[BlackElo "1764"]
[Result "0-1"]
[PlyCount "132"]
[EventDate "2014.08.08"]

1. d4 d5 2. Nf3 Nf6 3. e3 e6 4. Bd3 c5 5. b3 Nc6 6. Bb2 Be7 7. O-O Qc7 8. Re1
cxd4 9. exd4 Nb4 10. Bb5+ Bd7 11. Bxd7+ Qxd7 12. c3 Nc6 13. Nbd2 O-O 14. Ne5
Qc7 15. f4 Rad8 16. Re3 Nd7 17. Rh3 f5 18. Nxd7 Qxd7 19. Qh5 h6 20. Re1 Rf6 21.
Rhe3 Bd6 22. g3 Qf7 23. Qxf7+ Kxf7 24. Nf3 Bf8 25. Kg2 Re8 26. b4 Bd6 27. a4
Rc8 28. R1e2 Nd8 29. Nd2 g5 30. Rf3 gxf4 31. gxf4 Rg6+ 32. Rg3 Rxg3+ 33. hxg3
Nc6 34. Nf3 Rg8 35. Bc1 Be7 36. Ne5+ Nxe5 37. fxe5 Bg5 38. Bxg5 hxg5 39. Rf2
Rc8 40. Rf3 Kg6 41. Rd3 Rc4 42. Kf3 a5 43. bxa5 Rxa4 44. Rd1 Ra3 45. Rc1 Rxa5
46. Ke3 Rb5 47. Ra1 Rb3 48. Kd3 Rb2 49. Ke3 Rc2 50. Ra3 Kh5 51. Kf3 g4+ 52. Ke3
Rg2 53. Rb3 Rxg3+ 54. Kf2 Rf3+ 55. Kg2 Kg5 56. Rxb7 Rxc3 57. Rb6 Rc2+ 58. Kf1
Kf4 59. Rxe6 Kf3 60. Ke1 g3 61. Rg6 g2 62. Kd1 Ra2 63. e6 g1=Q+ 64. Rxg1 Ra1+
65. Kd2 Rxg1 66. e7 Rg8 0-1

[Event "II Weekend Open"]
[Site "Omegna ITA"]
[Date "2014.08.09"]
[Round "3"]
[White "Borghi, Dario"]
[Black "Ciochetta, Giovanni"]
[WhiteElo "1767"]
[BlackElo "1549"]
[Result "1-0"]
[PlyCount "85"]
[EventDate "2014.08.08"]

1. c4 Nf6 2. Nf3 e6 3. g3 Nc6 4. Bg2 d5 5. b3 Be7 6. O-O O-O 7. Bb2 h6 8. d3 b6
9. Nbd2 Bb7 10. a3 Nh7 11. e4 dxc4 12. dxc4 Bf6 13. e5 Be7 14. Qc2 Rb8 15. Rad1
Qe8 16. b4 a6 17. Nb3 f5 18. exf6 Bxf6 19. Bxf6 Nxf6 20. Rfe1 Qf7 21. c5 b5 22.
Qb2 Ba8 23. Nbd4 Nxd4 24. Rxd4 Bxf3 25. Bxf3 Rfe8 26. Rf4 Qf8 27. Qb3 Qe7 28.
Rf5 Kh8 29. Rfe5 Qd8 30. Rxe6 Rxe6 31. Qxe6 Qd2 32. Qe3 Qb2 33. Rc1 Re8 34. Qc3
Qa2 35. Ra1 Qe6 36. Rd1 g5 37. Bd5 Qe5 38. Qxe5 Rxe5 39. Bb7 Re6 40. Rd8+ Ne8
41. Bc6 Re1+ 42. Kg2 Kg7 43. Bxe8 1-0

[Event "II Weekend Open"]
[Site "Omegna ITA"]
[Date "2014.08.09"]
[Round "3"]
[White "Buoniconti, Francesco"]
[Black "Amoros, Pierre"]
[WhiteElo "1449"]
[BlackElo "1612"]
[Result "0-1"]
[PlyCount "60"]
[EventDate "2014.08.08"]

1. d4 d5 2. Nf3 Nf6 3. e3 Bg4 4. Be2 e6 5. Nbd2 Nbd7 6. b3 Bd6 7. Bb2 Qe7 8.
Ne5 Bxe2 9. Qxe2 c5 10. O-O O-O 11. f4 cxd4 12. exd4 Rac8 13. Rac1 Ba3 14. Bxa3
Qxa3 15. Nxd7 Nxd7 16. Nf3 Qxa2 17. Qd3 Qb2 18. Ng5 Nf6 19. Qd1 h6 20. Nf3 Ne4
21. Ne5 Nc3 22. Qg4 Na2 23. Rcd1 Rxc2 24. Rf3 Rc1 25. Rg3 Rxd1+ 26. Qxd1 Rc8
27. Nd3 Qxd4+ 28. Nf2 Rc1 29. Rd3 Qxd3 30. Nxd3 Rxd1+ 0-1

[Event "II Weekend Open"]
[Site "Omegna ITA"]
[Date "2014.08.09"]
[Round "3"]
[White "Cavagna, Marco"]
[Black "Guensberg, Alex"]
[WhiteElo "1497"]
[BlackElo "1754"]
[Result "1-0"]
[PlyCount "71"]
[EventDate "2014.08.08"]

1. d4 Nf6 2. c4 c5 3. e3 cxd4 4. exd4 d5 5. Be3 Nc6 6. Nf3 e6 7. a3 a5 8. Nc3
Be7 9. Bd3 dxc4 10. Bxc4 O-O 11. O-O Nd5 12. Qc2 Nxe3 13. fxe3 Bd7 14. Rad1 Qb6
15. Rfe1 Rfd8 16. d5 exd5 17. Nxd5 Qc5 18. Kh1 Bf8 19. Ng5 g6 20. Nf6+ Kg7 21.
Nxd7 Rxd7 22. Rxd7 Ne5 23. Qc3 Kh6 24. Nxf7+ Nxf7 25. Rxf7 Rc8 26. Rf4 Bg7 27.
Qc1 b5 28. b3 g5 29. Re4 Qf5 30. Re6+ Qxe6 31. Bxe6 Rxc1 32. Rxc1 Bb2 33. Rc5
Bxa3 34. Rxb5 Bb4 35. g4 Kg6 36. Bf5+ 1-0

[Event "II Weekend Open"]
[Site "Omegna ITA"]
[Date "2014.08.09"]
[Round "3"]
[White "Chanex, Arnaud"]
[Black "Castiglioni, Fabrizio"]
[WhiteElo "1726"]
[BlackElo "1797"]
[Result "1/2-1/2"]
[PlyCount "77"]
[EventDate "2014.08.08"]

1. e4 c5 2. Nf3 Nc6 3. d4 cxd4 4. Nxd4 g6 5. c4 Bg7 6. Be3 a6 7. Nc3 d6 8. Be2
Nf6 9. f3 O-O 10. Qd2 Nxd4 11. Bxd4 Bd7 12. a4 Qa5 13. O-O g5 14. b4 Qxb4 15.
a5 d5 16. Rfb1 Nxe4 17. fxe4 Bxd4+ 18. Qxd4 Qd6 19. Qxd5 Bc6 20. Qxd6 exd6 21.
Nd5 Kg7 22. Re1 f5 23. exf5 Rxf5 24. Bd3 Rf7 25. Re6 Rd8 26. Bc2 Rdf8 27. Re7
Bxd5 28. Rxf7+ Bxf7 29. Rd1 Bxc4 30. Be4 Rf7 31. Bd5 Bxd5 32. Rxd5 Rd7 33.
Rxg5+ Kf6 34. Rd5 Ke6 35. Rd1 d5 36. Kf2 d4 37. Ke2 Kd5 38. Kd3 Kc5 39. Rh1
1/2-1/2

[Event "II Weekend Open"]
[Site "Omegna ITA"]
[Date "2014.08.09"]
[Round "3"]
[White "Coqueraut, Lodewyk"]
[Black "Trisconi, Alessio"]
[WhiteElo "1691"]
[BlackElo "1440"]
[Result "0-1"]
[PlyCount "190"]
[EventDate "2014.08.08"]

1. d4 Nf6 2. c4 e6 3. Nc3 Bb4 4. Qc2 c5 5. a3 cxd4 6. axb4 dxc3 7. Qxc3 O-O 8.
f3 d6 9. e4 Nbd7 10. Be3 b6 11. Ne2 Bb7 12. Nd4 Qe7 13. Bd3 Rfc8 14. Qd2 a6 15.
b3 d5 16. exd5 exd5 17. O-O dxc4 18. bxc4 Ne5 19. Nf5 Qd8 20. Qe2 Qxd3 21. Qxd3
Nxd3 22. Ne7+ Kf8 23. Nxc8 Rxc8 24. Rfd1 b5 25. Rxd3 bxc4 26. Rc3 Nd5 27. Rca3
Nxb4 28. Ra5 Nc2 29. Bc5+ Rxc5 30. Rxc5 Nxa1 31. Rxc4 Nb3 32. Kf2 f5 33. Ke3
Na5 34. Rc5 Nc6 35. Rxf5+ Ke7 36. Rh5 h6 37. Rh4 a5 38. Rg4 Kf6 39. Rf4+ Ke6
40. Ra4 g6 41. g3 Kd6 42. Rh4 h5 43. Rf4 Ke6 44. Ra4 Bc8 45. h4 Ne5 46. f4 Nc6
47. Ke4 Bd7 48. Ra3 Kd6 49. Rd3+ Kc7 50. Rc3 Kb6 51. Kd5 a4 52. Kd6 Be8 53. Re3
Bf7 54. Rf3 Nd4 55. Rd3 Nb5+ 56. Ke7 Bb3 57. Kf6 a3 58. Re3 a2 59. Re1 Bc2 60.
Ra1 Nc3 61. Kg5 Kc6 62. g4 hxg4 63. Kxg4 Kd6 64. Kg5 Ke6 65. h5 gxh5 66. Kxh5
Kf5 67. Kh6 Bb3 68. Kg7 Ne2 69. Kf8 Nd4 70. Ke7 Nc2 71. Rg1 a1=Q 72. Rxa1 Nxa1
73. Kd6 Nc2 74. Kc5 Kxf4 75. Kb5 Ke5 76. Kc5 Bf7 77. Kb5 Kd4 78. Kc6 Ne3 79.
Kd6 Nf5+ 80. Kd7 Kd5 81. Kc7 Be8 82. Kd8 Bb5 83. Kc7 Kc5 84. Kd8 Kd6 85. Kc8
Ne3 86. Kd8 Nd5 87. Kc8 Ke7 88. Kb7 Kd7 89. Kb8 Ba6 90. Ka8 Bc8 91. Kb8 Kd8 92.
Ka7 Kc7 93. Ka8 Nb4 94. Ka7 Nc6+ 95. Ka8 Bb7# 0-1

[Event "II Weekend Open"]
[Site "Omegna ITA"]
[Date "2014.08.09"]
[Round "3"]
[White "Del Nevo, Claudio"]
[Black "Lantschner, Carmen"]
[WhiteElo "1832"]
[BlackElo "1690"]
[Result "0-1"]
[PlyCount "110"]
[EventDate "2014.08.08"]

1. d4 d6 2. Nf3 Nf6 3. Bg5 g6 4. e3 Bg7 5. Bxf6 Bxf6 6. Bd3 O-O 7. c3 c5 8. Qc2
cxd4 9. exd4 Nc6 10. Nbd2 Be6 11. Ne4 Bg7 12. h4 Rc8 13. Qe2 h5 14. Neg5 Bg4
15. Be4 e5 16. d5 Ne7 17. Qd2 Bh6 18. Qd1 Qb6 19. Qb1 Rc5 20. Nd2 Kg7 21. f3
Bd7 22. Qc2 Nxd5 23. Bxd5 Rxd5 24. O-O-O Ra5 25. Nc4 Qa6 26. Nxa5 Qxa5 27. Rxd6
Bf5 28. Qb3 Qc5 29. Qd5 Qe3+ 30. Kd1 Bxg5 31. hxg5 Qxg5 32. Qxe5+ Kh7 33. Qe2
Bb1 34. b3 Qc5 35. Qd2 Bxa2 36. Kc2 Qb5 37. Qd5 Qe2+ 38. Kc1 Qxg2 39. Rd1 Qe2
40. Rd2 Qe1+ 41. Kb2 Qb1+ 42. Ka3 a5 43. Rxa2 Qc1+ 44. Ka4 Qxc3 45. Qd4 b5+ 46.
Ka3 Qc1+ 47. Rb2 Qa1+ 48. Ra2 b4+ 49. Ka4 Qxa2+ 50. Kb5 Rb8+ 51. Ka6 Qe2+ 52.
Ka7 Qe8 53. Qd5 Rb5 54. Qc6 Qxc6 55. Rxc6 Rf5 0-1

[Event "II Weekend Open"]
[Site "Omegna ITA"]
[Date "2014.08.09"]
[Round "3"]
[White "Faraci, Libero"]
[Black "Rancati, David"]
[WhiteElo "1713"]
[BlackElo "1491"]
[Result "1/2-1/2"]
[PlyCount "84"]
[EventDate "2014.08.08"]

1. c4 e6 2. g3 Nf6 3. Bg2 c6 4. Nf3 d5 5. d4 h6 6. O-O Nbd7 7. b3 Be7 8. Bb2
Nb8 9. Nbd2 Qc7 10. Qc2 Na6 11. a3 Bd7 12. Rac1 Rc8 13. e4 O-O 14. Qd3 Qd8 15.
b4 Qe8 16. Rfe1 Nh7 17. exd5 cxd5 18. b5 Nc7 19. a4 Ng5 20. c5 f5 21. Ne5 Rd8
22. Ndf3 Bc8 23. Nxg5 Bxg5 24. f4 Be7 25. Ra1 Bf6 26. Qc3 Bxe5 27. Rxe5 Qg6 28.
Rf1 Ne8 29. Qf3 Nf6 30. Qe2 Ng4 31. Ba3 Rfe8 32. Rc1 Nxe5 33. Qxe5 Qf7 34. c6
bxc6 35. Rxc6 Rd7 36. a5 Bb7 37. Rc5 Rc8 38. Bf1 Rdc7 39. Bd3 Re7 40. Rxc8+
Bxc8 41. Bxe7 Qxe7 42. Qb8 Qb7 1/2-1/2

[Event "II Weekend Open"]
[Site "Omegna ITA"]
[Date "2014.08.09"]
[Round "3"]
[White "Gbessou, Remi Stephan"]
[Black "Giusti, Francesco"]
[WhiteElo "1323"]
[BlackElo "1584"]
[Result "0-1"]
[PlyCount "66"]
[EventDate "2014.08.08"]

1. e4 g6 2. d4 Bg7 3. Nf3 Nf6 4. Nbd2 c6 5. c4 d5 6. e5 Nfd7 7. Be2 dxc4 8.
Bxc4 Nb6 9. Bb3 Bg4 10. O-O O-O 11. h3 Bxf3 12. Nxf3 N8d7 13. Ng5 e6 14. Ne4
Nd5 15. Nd6 Qc7 16. Re1 c5 17. Nb5 Qb6 18. Ba4 cxd4 19. Nxd4 Nxe5 20. Bc2 Nc4
21. Nf3 Qc5 22. Rb1 Rfd8 23. Ng5 Nc3 24. b4 Rxd1 25. bxc5 Rxe1+ 26. Kh2 Nxb1
27. Bf4 Be5 28. g3 Bxf4 29. Nf3 Bxg3+ 30. Kxg3 Rc1 31. Be4 Ncd2 32. Bxb7 Nxf3
33. c6 Ne5 0-1

[Event "II Weekend Open"]
[Site "Omegna ITA"]
[Date "2014.08.09"]
[Round "3"]
[White "Giancola, Andrea"]
[Black "Schingaro, Angelo"]
[WhiteElo "1760"]
[BlackElo "1702"]
[Result "1-0"]
[PlyCount "71"]
[EventDate "2014.08.08"]

1. e4 c5 2. Nc3 Nc6 3. f4 d6 4. Bb5 g6 5. Nf3 Bg7 6. O-O e6 7. d3 Nge7 8. Qe1
a6 9. Bxc6+ Nxc6 10. f5 Nd4 11. fxg6 hxg6 12. Qf2 Qf6 13. Qg3 Nxf3+ 14. Rxf3
Qd4+ 15. Be3 Qe5 16. Bf4 Qd4+ 17. Kh1 Be5 18. Raf1 Bxf4 19. Qxf4 Rf8 20. Qg5
Qg7 21. Rf6 b5 22. Qf4 e5 23. Qf2 Be6 24. Nd5 Bxd5 25. Rxd6 Be6 26. Qxc5 Rc8
27. Rxe6+ fxe6 28. Qxc8+ Ke7 29. Qxf8+ Qxf8 30. Rxf8 Kxf8 31. h4 Kf7 32. g4 Kf6
33. Kg2 a5 34. Kg3 a4 35. c3 Kf7 36. c4 1-0

[Event "II Weekend Open"]
[Site "Omegna ITA"]
[Date "2014.08.09"]
[Round "3"]
[White "Grudina, Marco"]
[Black "Scalfi, Agostino"]
[WhiteElo "1741"]
[BlackElo "1824"]
[Result "1-0"]
[PlyCount "95"]
[EventDate "2014.08.08"]

1. e4 e5 2. Nf3 Nc6 3. Bc4 Be7 4. d4 exd4 5. Nxd4 Ne5 6. Bb3 Nf6 7. Nc3 d6 8.
h3 O-O 9. Be3 c5 10. Nf5 a6 11. Nxe7+ Qxe7 12. Nd5 Nxd5 13. Bxd5 Rb8 14. Qd2 b5
15. O-O-O Rb6 16. Qa5 Qa7 17. b4 Nc4 18. Bxc4 bxc4 19. bxc5 Rb5 20. Qa3 dxc5
21. Rd5 Qb7 22. Rhd1 Rb1+ 23. Kd2 Rxd1+ 24. Kxd1 Qb1+ 25. Kd2 Qb4+ 26. Qxb4
cxb4 27. Bc5 Be6 28. Rd4 Re8 29. Bxb4 h6 30. Kc3 g6 31. Rd6 Ra8 32. Ba5 Kf8 33.
Rd8+ Rxd8 34. Bxd8 Ke8 35. Bf6 Kd7 36. a3 Kc6 37. Kd4 Kb5 38. Be7 a5 39. f4 f5
40. Ke5 Bc8 41. Kf6 fxe4 42. Kxg6 e3 43. Bh4 Kc5 44. f5 Bb7 45. f6 Be4+ 46. Kg7
Bd5 47. f7 Bxf7 48. Kxf7 1-0

[Event "II Weekend Open"]
[Site "Omegna ITA"]
[Date "2014.08.09"]
[Round "3"]
[White "Lantschner, Alexander"]
[Black "Greco, Umberto"]
[WhiteElo "1562"]
[BlackElo "1707"]
[Result "0-1"]
[PlyCount "89"]
[EventDate "2014.08.08"]

1. e4 c5 2. Bc4 Nc6 3. d3 Nf6 4. Nc3 g6 5. Nf3 d6 6. h3 Bg7 7. Be3 b6 8. Qd2
O-O 9. Bh6 e6 10. Bxg7 Kxg7 11. a3 Bd7 12. O-O a6 13. Ne2 b5 14. Ba2 b4 15. Bb3
bxa3 16. Rxa3 a5 17. Rfa1 Qc7 18. Ba4 Nb4 19. Bxd7 Nxd7 20. c3 Nc6 21. Nh2 Nf6
22. b4 cxb4 23. cxb4 Nxb4 24. Rc1 Qd7 25. Qb2 Rfb8 26. Ng4 e5 27. Nxf6 Kxf6 28.
Qd2 Kg7 29. Ng3 Rc8 30. Rxc8 Qxc8 31. Rc3 Qa6 32. Qg5 Kf8 33. Rc7 Kg8 34. Nh5
d5 35. Qxe5 gxh5 36. Qxh5 Qg6 37. Qf3 dxe4 38. dxe4 Rd8 39. Qb3 Qe6 40. Qg3+
Qg6 41. Qb3 Qg7 42. f3 Qg6 43. Qc4 Qe6 44. Qc1 Qd6 45. Qg5+ 0-1

[Event "II Weekend Open"]
[Site "Omegna ITA"]
[Date "2014.08.09"]
[Round "3"]
[White "Maffeo, Mauro"]
[Black "Agnello, Francesco Claudio"]
[WhiteElo "1730"]
[BlackElo "1836"]
[Result "0-1"]
[PlyCount "84"]
[EventDate "2014.08.08"]

1. d4 d5 2. e3 e6 3. Bd3 Bd6 4. f4 f5 5. Nf3 Nf6 6. O-O Nbd7 7. Ng5 Qe7 8. Nd2
c5 9. c3 b6 10. Ndf3 Ne4 11. Bb5 O-O 12. Nxe4 fxe4 13. Ng5 Nf6 14. Bd2 a6 15.
Be2 b5 16. Be1 Bd7 17. Bh4 cxd4 18. exd4 Qe8 19. Bg3 g6 20. h4 h5 21. a3 Qb8
22. Rc1 Ne8 23. Bxh5 gxh5 24. Qxh5 Nf6 25. Qg6+ Kh8 26. Nf7+ Rxf7 27. Qxf7 Qf8
28. Qxf8+ Rxf8 29. Bh2 Ng4 30. g3 Be8 31. Rce1 Bh5 32. Kg2 Nh6 33. Bg1 Nf5 34.
Kh3 Rg8 35. Bh2 Bg4+ 36. Kg2 Be7 37. Kf2 Bf3 38. Rg1 a5 39. b3 Bxa3 40. Ra1 Bb2
41. Rxa5 Bxc3 42. Rxb5 Bxd4+ 0-1

[Event "II Weekend Open"]
[Site "Omegna ITA"]
[Date "2014.08.09"]
[Round "3"]
[White "Martin, Raoul"]
[Black "Nordio, Giordano"]
[WhiteElo "1469"]
[BlackElo "1413"]
[Result "1-0"]
[PlyCount "63"]
[EventDate "2014.08.08"]

1. a3 e5 2. c4 Nc6 3. Nc3 Nf6 4. g3 Bc5 5. e3 d6 6. Bg2 Bd7 7. Nge2 Qc8 8. O-O
Bh3 9. Na4 Bxg2 10. Kxg2 O-O 11. Nxc5 dxc5 12. d4 Rd8 13. d5 Qg4 14. Qc2 Na5
15. f4 e4 16. b4 c6 17. bxa5 cxd5 18. cxd5 Rxd5 19. h3 Qe6 20. Bb2 Rad8 21.
Rad1 Rd3 22. f5 Qe7 23. Kf2 Qd7 24. Bxf6 Qxf5+ 25. Kg2 Qxf1+ 26. Rxf1 Rd2 27.
Qc4 gxf6 28. Rxf6 R8d7 29. Rf2 Re7 30. Qxc5 Red7 31. Nd4 Rd3 32. Qc8+ 1-0

[Event "II Weekend Open"]
[Site "Omegna ITA"]
[Date "2014.08.09"]
[Round "3"]
[White "Minore, Antonino"]
[Black "Lachat, Martin"]
[WhiteElo "1276"]
[BlackElo "1646"]
[Result "1-0"]
[PlyCount "105"]
[EventDate "2014.08.08"]

1. d4 f5 2. g3 g6 3. Bg2 Nf6 4. Nf3 Bg7 5. c4 O-O 6. Nc3 c6 7. O-O d6 8. Qc2
Qc7 9. Nd2 e5 10. d5 e4 11. e3 cxd5 12. b3 dxc4 13. Ba3 Ne8 14. Nb5 Qc6 15. Nd4
Bxd4 16. exd4 Be6 17. bxc4 Qa6 18. Qc3 Nd7 19. Bb2 Nef6 20. h3 Rac8 21. d5 Bxd5
22. Rfd1 Bxc4 23. Nxc4 Rxc4 24. Qb3 Nc5 25. Qe3 Qc6 26. Bf1 Rc2 27. Ba3 b6 28.
Rac1 Rxc1 29. Rxc1 Kg7 30. Bb2 Qd5 31. Bc4 Qb7 32. Rd1 Nd3 33. Bxd3 exd3 34.
Rxd3 d5 35. Qe6 Qf7 36. Qe5 Rd8 37. Rc3 Re8 38. Qd6 Kg8 39. Rc7 Re1+ 40. Kg2
Qe8 41. Rg7+ Kh8 42. Re7 Rxe7 43. Qxf6+ Kg8 44. Qh8+ Kf7 45. Qf6+ Kg8 46. h4
Qd7 47. Qh8+ Kf7 48. Qxh7+ Kf8 49. Qh8+ Kf7 50. Qf6+ Kg8 51. Qh8+ Kf7 52. Qg7+
Ke8 53. Qg8# 1-0

[Event "II Weekend Open"]
[Site "Omegna ITA"]
[Date "2014.08.09"]
[Round "3"]
[White "Modaffari, Giuseppe"]
[Black "Benenati, Gianfranco"]
[WhiteElo "1576"]
[BlackElo "1832"]
[Result "1/2-1/2"]
[PlyCount "86"]
[EventDate "2014.08.08"]

1. e4 c5 2. Nf3 Nc6 3. d4 cxd4 4. Nxd4 g6 5. c4 Bg7 6. Be3 d6 7. Be2 Nf6 8. Nc3
Qa5 9. O-O O-O 10. a3 Nxd4 11. Bxd4 a6 12. b4 Qc7 13. Bxf6 exf6 14. Nd5 Qd8 15.
Ra2 Re8 16. Bf3 Be6 17. Rd2 f5 18. exf5 Bxf5 19. Ne3 Rxe3 20. fxe3 Qb6 21. Re1
Be5 22. Kh1 Be6 23. Bd5 Rc8 24. Bxe6 fxe6 25. Rf2 Qd8 26. Qf3 Qe7 27. Ref1 Rxc4
28. Qf8+ Qxf8 29. Rxf8+ Kg7 30. R8f7+ Kh6 31. Rxb7 Rc3 32. Ra7 Rc6 33. a4 Rb6
34. Rb1 Bc3 35. b5 axb5 36. axb5 Bd2 37. e4 d5 38. Ra6 Rb7 39. exd5 exd5 40. b6
Be3 41. g3 Bc5 42. Rb5 Be3 43. Kg2 Bd4 1/2-1/2